Nonlinear physics of DNA

में बचाया:
ग्रंथसूची विवरण
मुख्य लेखक: Yakushevich, Ludmila V.
स्वरूप: पुस्तक
भाषा:Undetermined
प्रकाशित: Berlin Wiley VCH 2004
विषय:
टैग : टैग जोड़ें
कोई टैग नहीं, इस रिकॉर्ड को टैग करने वाले पहले व्यक्ति बनें!
Thư viện lưu trữ: Trung tâm Học liệu Trường Đại học Cần Thơ
LEADER 00559nam a2200205Ia 4500
001 CTU_87555
008 210402s9999 xx 000 0 und d
020 |c 180.42 
082 |a 572.8633 
082 |b Y15 
100 |a Yakushevich, Ludmila V. 
245 0 |a Nonlinear physics of DNA 
245 0 |c Ludmila V. Yakushevich 
260 |a Berlin 
260 |b Wiley VCH 
260 |c 2004 
650 |a Biophysics,DNA,DNA,Nonlinear mechanics 
650 |x structure,Conformation 
904 |i Trúc 
980 |a Trung tâm Học liệu Trường Đại học Cần Thơ